000 00466nam a22001577a 4500
003 IT-RoPau
005 20220918181107.0
008 130607b xxu||||| |||| 00| 0 eng d
040 _cIT-RoPau
245 _aCelebraciones de la Familia Paulina
_bMisa y Oficio
260 _aMadrid
_bSSP
_c1986
300 _a123 pp.
_c17,5 cm
490 _aEdiciones Paulinas
520 _aIndice general Presentaçion Misas propias Liturgia de las Horas Indices
942 _2ddc
_cBK
999 _c98709
_d98709